000 00732nam a2200253Ia 4500
003 OSt
005 20220928120311.0
006 a|||||r|||| 00| 0
007 ta
008 220927b |||||||| |||| 00| 0 eng d
020 _c1635.0488
024 _a109935
037 _b76, 29/10/2010, Sunrise Books
_cTextual
040 _aSDCL
_cSDCL
_beng
041 _2eng
_aeng
082 _aX:972, Q0
100 _aJeong Ho-Won
_9448570
245 0 _aConflict management and resolution
_b An introduction.
260 _aLondon
_bRoutledge
_c2010
300 _axii,243p
_ccm.
650 _aPolitical Science
942 _hX:972, Q0
_cTEXL
_2CC
999 _c763133
_d763133